000 00814nam a22002057a 4500
999 _c9977
_d9977
003 AR-CdUCM
008 190329b ||||| |||| 00| 0 spa d
040 _aMUNICIPALIDAD PROVINCIAL DEL CUSCO
_cBIBLIOTECA MUNICIPAL DEL CUSCO
082 _a328.85 /
_bE32 / 1933
100 _aEguiguren, Luis Antonio
_925821
245 _aEn la selva política :
_bPara la historia /
260 _aLima :
_bSanmarti y cia,
_c1933.
300 _a211 páginas ;
_c23 cm.
505 _aContenido : sesión de instalación de las juntas preparatorias del dia martes 17 de noviembre de 1931 -- Sesión de las juntas preparatorias del dia 28 de noviembre de 1931 -- sesión del 7 de diciembre de 1931 ...
650 _aJuntas
_926547
650 _aPolítica
_9291
650 _aHisoria
_926548
942 _2ddc
_cLIBROS
945 _arah